000 02257nam0a2200421 4500
001 RU\NLR\BIBL_A\011730494
005 20250626120228.0
010 _a978-5-299-00868-5
_91000
035 _a(NLR Aleph) 011730494
090 _a11524793
_c11524793
100 _a20180613d2017 |||y0rusy50 ca
101 0 _arus
102 _aRU
105 _aa j 000zy
106 _as
135 _acrmn mmmancda
200 1 _aЛечебная физическая культура в акушерстве, гинекологии и хирургии
_bЭлектронный ресурс
_e[учебное пособие
_fМаргазин Владимир Алексеевич, доктор мед. наук, профессор и др.]
_gпод редакцией В. А. Маргазина и А. В. Коромыслова
210 _aСанкт-Петербург
_cСпецЛит
_d2017
215 _a141, [1] c.
_cил.
230 _aЭлектрон. дан.
300 _aЗагл. с титул. экрана
320 _aБиблиогр. в конце кн.
325 _aКопия доступна в Электрон. б-ке РНБ
606 1 _aЛечебная физкультура
_jУчебные издания
_xПрименение в акушерстве
_92253374
_3RU\NLR\AUTH\661351494
606 1 _aЛечебная физкультура
_jУчебные издания
_xПрименение в гинекологии
_92080748
_3RU\NLR\AUTH\661256698
606 1 _aЛечебная физкультура
_jУчебные издания
_xПрименение в хирургии
_92374840
_3RU\NLR\AUTH\6601638667
686 1 _aР71-541.1я7
686 1 _aР45-541.1я7
702 1 _aМаргазин
_bВ.А.
_gВладимир Алексеевич
_4220
_4340
852 0 0 _aNLR
942 _cBOOK
980 _aNB
981 1 3 _a(13) Документы, защищенные авторским правом
_b(13) Современная научная, научно-популярная и популярная л